000 00970nam a22002657a 4500
001 25520
003 BD-RjUL
005 20220831103418.0
008 140318r19631943bg aof|| |||| 001 0 eng d
035 _a(BD-RjUL)25590
040 _aBD-RjUL
_beng
_cBD-RjUL
041 _aeng
082 0 4 _a954.14
_bHIS 1963
245 1 4 _aThe History of Bengal /
_cRamesh Chandra Majumdar
260 _aDacca :
_bUniversity of Dacca,
_c1943 [impression 1963].
300 _aV. :
_billustrations (including plans) plates (some color mounted) folded maps 26 cm
_c24 cm.
490 _aHistory of Bengal,
_vI.
500 _aFirst edition: May 1943." The preparation and publication of the history is under the management of the History of Bengal publication committee. cf. p. viii.
504 _aincludes index.
505 0 1 _aVol.1--V. 2--
650 1 _a Bengal (India) -- History.
_978476
650 1 _aIndia
_vBengal.
_9118248
700 1 _aMujumdar, R.C.
_94558
942 _2ddc
_cBK
999 _c25520
_d25520